Introduction to database systems / (Record no. 35551)

MARC details
000 -LEADER
fixed length control field 00496nam a22001817a 4500
005 - DATE AND TIME OF LATEST TRANSACTION
control field 20240419124903.0
008 - FIXED-LENGTH DATA ELEMENTS--GENERAL INFORMATION
fixed length control field 240419b |||||||| |||| 00| 0 eng d
020 ## - INTERNATIONAL STANDARD BOOK NUMBER
ISBN 9788177585568
082 ## - DEWEY DECIMAL CLASSIFICATION NUMBER
Classification number 005.74
Item number DAT-D
100 ## - MAIN ENTRY--AUTHOR
Author Name C.J.Dater
245 ## - TITLE STATEMENT
Title Introduction to database systems /
Statement of responsibility, etc. A.Kannan ,Swamynathan
250 ## - EDITION STATEMENT
Edition statement 8th ed.
260 ## - PUBLICATION, DISTRIBUTION, ETC.
Place of Publication USA:
Name of publisher, distributor, etc. Pearson;
Date of publication, distribution, etc. 2006.
300 ## - PHYSICAL DESCRIPTION
Pages xiii, 930 p. :
500 ## - GENERAL NOTE
General note include index.
650 ## - SUBJECT ADDED ENTRY--TOPICAL TERM
Subject / Department computer science/Database
300 ## - PHYSICAL DESCRIPTION
-- ill;
-- 23 cm.
952 ## - LOCATION AND ITEM INFORMATION (KOHA)
-- 0
-- 0
952 ## - LOCATION AND ITEM INFORMATION (KOHA)
-- 0
-- 0
Holdings
Lost status Damaged status Collection code Permanent Location Current Location Shelving Location Date acquired Full Call Number Accession No./Barcode Date last seen Copy number item type Koha item type
    CS/IT Superior Information Resource Center (SIRC) Superior University- Gold Campus Superior Information Resource Center (SIRC) Superior University- Gold Campus Database 04/19/2024 005.74 DAT-D 2006 2918 04/19/2024 1 BOOK BOOK
    CS/IT Superior Information Resource Center (SIRC) Superior University- Gold Campus Superior Information Resource Center (SIRC) Superior University- Gold Campus Database 04/19/2024 005.74 DAT-D 2006 3021 04/19/2024 2 BOOK BOOK

Powered by Koha